LEADER 01237cam2 22003251 450 001 SOBE00086171 005 20260331084656.0 010 $a9782812450723 100 $a20260318d2016 |||||ita|0103 ba 101 $afre 102 $aFR 200 1 $aTome 2$fAlexandre Dumas$gédition critique par Claude Schopp 210 $aParis$cClassiques Garnier$d2016 215 $a775 p.$d22 cm 225 2 $aCorrespondances et mémoires$v25 225 2 $adix-neuvième siècle$v10 410 1$1001SOBE00058527$12001 $a*Correspondances et mémoires$v25 410 1$1001SOBE00086172$12001 $aLe *dix-neuvième siècle$v10 461 1$1001SOBE00086170$12001 $aCorrespondance generale / Alexandre Dumas ; edition critique par Claude Schopp$v2 700 1$aDumas$b, Alexandre <1802-1870>$3A600200026755$4070$0176848 702 1$aSchopp, Claude$3A600200026756$4070 801 0$aIT$bUNISOB$c20260331$gRICA 850 $aUNISOB 852 $aUNISOB$j840$m189021 912 $aSOBE00086171 940 $aM 102 Monografia moderna SBN 941 $aM 957 $a840$b001891$i-2$gSI$d189021$n20260317$_15$racquisto$tV$[15$1bethb$2UNISOB$3UNISOB$420260318120707.0$520260331084656.0$6Spinosa 996 $aTome 2$94553650 997 $aUNISOB